000 00645nam a2200253Ia 4500
003 OSt
005 20220928113303.0
006 a|||||r|||| 00| 0
007 ta
008 220927b |||||||| |||| 00| 0 eng d
024 _a70556
037 _cTextual
040 _aSDCL
_cSDCL
_beng
041 _2eng
_aeng
082 _aW, N5
100 _aPhillips Anne
_9432218
245 0 _aPolitics of presence.
260 _aOxford
_bClarendon Press
_c1995
300 _avi,209p
_ccm.
490 _aOxford political theory
650 _aPolitical Science
942 _hW, N5
_cTEXL
_2CC
999 _c748783
_d748783